Automation ML (Record no. 27125)
[ view plain ]
| 000 -LEADER | |
|---|---|
| fixed length control field | 00431nam a2200157Ia 4500 |
| 008 - FIXED-LENGTH DATA ELEMENTS--GENERAL INFORMATION | |
| fixed length control field | 240827s9999 xx 000 0 und d |
| 020 ## - INTERNATIONAL STANDARD BOOK NUMBER | |
| ISBN | 9783110746228 |
| 082 ## - DEWEY DECIMAL CLASSIFICATION NUMBER | |
| Classification number | 006.3 |
| Item number | D79A |
| 100 ## - MAIN ENTRY--AUTHOR NAME | |
| Personal name | Drath,Rainer (Editor) |
| 245 #0 - TITLE STATEMENT | |
| Title | Automation ML |
| 260 ## - PUBLICATION, DISTRIBUTION, ETC. (IMPRINT) | |
| Place of publication | Berlin |
| Name of publisher | De Gruyter |
| Year of publication | 2021 |
| 300 ## - PHYSICAL DESCRIPTION | |
| Number of Pages | xiv, 275p |
| 500 ## - GENERAL NOTE | |
| General note | AutomationMachine LearningArtificial Intelligence |
| 942 ## - ADDED ENTRY ELEMENTS (KOHA) | |
| Koha item type | Books |
| 650 ## - | |
| -- | Computer Science Engineering |
| Withdrawn status | Lost status | Damaged status | Not for loan | Home library | Current library | Department | Date acquired | Total Checkouts | Full call number | Accession Number | Koha item type |
|---|---|---|---|---|---|---|---|---|---|---|---|
| Central University Of Rajasthan | Central University Of Rajasthan | 27/08/2024 | 006.3D79A | 43548 | Books |
